000 00941cam a2200289 a 4500
999 _c1824
_d1824
001 01027102
003 OCoLC
005 20230202074957.0
008 080220r2006 enka j 000 1 eng
015 _aGBA702756
_2bnb
015 _aGBA610706
_2bnb
020 _a9781405021920 (pbk.)
040 _aUKM
_cUKM
_dVP@
_dNCTU
_dKH8
042 _aukblsr
049 _aTUIA
082 0 4 _a823.914 DON
_222
100 1 _aDonaldson, Julia.
_eauthor
245 1 0 _aHippo has a hat /
_cby Julia Donaldson ; illustrated by Nick Sharratt.
260 _aLondon :
_bMacmillan Children's,
_cc2006.
300 _a[20] p. :
_bchiefly col. ill. ;
_c28 cm.
650 0 _aClothing and dress
_vPictorial works
_vJuvenile fiction.
650 0 _aShopping
_vPictorial works
_vJuvenile fiction.
655 7 _aChildren's stories
_vPictorial works.
_2gsafd.
655 0 _aChildren's stories
_vPictorial works.
700 1 _aSharratt, Nick.
_eauthor
942 _2ddc
_cNFIC